Statistics for NBA Best Point Guards of All Time

Click here to take the quiz!

General Stats

  • This quiz has been taken 58 times
    (43 since last reset)
  • The average score is 8 of 10

Answer Stats

HintAnswer% Correct
LakersErving Johnson
98%
PistonsIsiah Thomas
95%
WarriorsSteph Curry
95%
JazzJohn Stockton
93%
SunsSteve Nash
93%
Bucks/ KingsOscar Robertson
86%
NetsJason Kidd
86%
LakersJerry West
83%
WarriorsTim Hardaway
43%
KingsNate Archibald
43%

Score Distribution

Percentile by Number Answered

Percent of People with Each Score

Your Score History

You have not taken this quiz since the last reset